| 000 | 00398nam a22001457a 4500 | ||
|---|---|---|---|
| 999 |
_c8028 _d8028 |
||
| 003 | OSt | ||
| 005 | 20200619125757.0 | ||
| 008 | 200619b ||||| |||| 00| 0 eng d | ||
| 020 | _a9783836572415 | ||
| 082 |
_a720.92 _bCAL |
||
| 100 |
_a Calatrava, Santiago, _d1951- |
||
| 245 | _aCalatrava : Santiago Calatrava : complete works 1979-today | ||
| 260 |
_aBerlin _bTASCHEN _cJuly 13, 2019 |
||
| 942 | _2ddc | ||